| 000 | 01208nam a2200349 a 4500 | ||
|---|---|---|---|
| 001 | 000114360 | ||
| 003 | CHAP | ||
| 005 | 20220329144438.0 | ||
| 008 | 180115s1996 mx |rb |||1|||spa d | ||
| 010 | _a110821 | ||
| 011 | _a111793 | ||
| 020 | _a968-36-3692-6 (Serie Fuentes) | ||
| 020 | _a968-36-4888-6 (núm. 13) | ||
| 020 | _a9683636942 (Colección Cuadernos del CEIICH) | ||
| 040 | _cCHAP | ||
| 082 | 0 | 4 |
_a010.1716 _bT31 |
| 245 | 0 | 3 |
_aEl tercer mundo : _bsociedad, economía, política y cultura. Una bibliografía temática / _ccompiladora María Consuelo Mejía. |
| 260 |
_aMéxico : _bUNAM. Coordinación de Humanidades, _c1996. |
||
| 300 | _a320 p. | ||
| 490 | 1 |
_aCuadernos del CEIICH. Serie Fuentes _v13 |
|
| 590 |
_aE6096MTM _b05 _c20180115 _lUCH01 _h1502 |
||
| 590 |
_aE6096MTM _b05 _c20180116 _lUCH01 _h1345 |
||
| 650 | 1 | 4 |
_aCiencias políticas _vBibliografía. _9134363 |
| 650 | 1 | 4 |
_aCultura _vBibliografia. _9134349 |
| 650 | 1 | 4 |
_aEconomía _xBibliografía. _935230 |
| 650 | 1 | 4 |
_aSociología _vBibliografía. _9134364 |
| 700 | 1 |
_aMejía, María Consuelo _e, comp. _9134337 |
|
| 830 | 0 |
_aCuadernos del CEIICH. Serie Fuentes _v13 _9134340 |
|
| 901 | _aBK | ||
| 942 | _cLIBRO | ||
| 942 | _n0 | ||
| 999 |
_c110821 _d110821 |
||